Basic electric power engineering (Record no. 264775)
[ view plain ]
| 000 -LEADER | |
|---|---|
| fixed length control field | 00212 a2200097 4500 |
| 001 - CONTROL NUMBER | |
| control field | 29702 |
| 090 ## - LOCALLY ASSIGNED LC-TYPE CALL NUMBER (OCLC); LOCAL CALL NUMBER (RLIN) | |
| -- | 19722 |
| -- | 19722 |
| 100 ## - MAIN ENTRY--PERSONAL NAME | |
| Personal name | Elegerd |
| 245 ## - TITLE STATEMENT | |
| Title | Basic electric power engineering |
| 260 ## - PUBLICATION, DISTRIBUTION, ETC. | |
| Place of publication, distribution, etc. | |
| Name of publisher, distributor, etc. | Wesley |
| Date of publication, distribution, etc. | 1977 |
| 942 ## - ADDED ENTRY ELEMENTS (KOHA) | |
| Institution code [OBSOLETE] | NUST-CAE |
| Koha item type | |
| -- | |
| Withdrawn status | Lost status | Damaged status | Not for loan | Collection code | Permanent Location | Current Location | Date acquired | Total Checkouts | Barcode | Date last seen | Price effective from | Koha item type |
|---|---|---|---|---|---|---|---|---|---|---|---|---|
| College of Aeronautical Engineering (CAE) | College of Aeronautical Engineering (CAE) | 04/03/2017 | CAE26568 | 04/05/2017 | 04/05/2017 | Book |
